A beacon of good management practice (Record no. 81643)

MARC details
000 -LEADER
fixed length control field 01436cab a22002535a 4500
001 - CONTROL NUMBER
control field L147790
008 - FIXED-LENGTH DATA ELEMENTS--GENERAL INFORMATION
fixed length control field 090617e20090613xxk g 000 0 eng d
035 ## - SYSTEM CONTROL NUMBER
System control number (Sirsi) u147790
041 0# - LANGUAGE CODE
Language code of text/sound track or separate title eng
100 1# - MAIN ENTRY--PERSONAL NAME
Personal name Edwards, Chris
245 02 - TITLE STATEMENT
Title A beacon of good management practice
260 ## - PUBLICATION, DISTRIBUTION, ETC.
Date of publication, distribution, etc. 2009
490 ## - SERIES STATEMENT
Series statement Estates Gazette
Volume/sequential designation (0923) 13 June 2009, 86-87(2)
520 ## - SUMMARY, ETC.
Summary, etc. Addresses some of the findings and issues raised in the "Paradox of Service Charges" (L146764) (known as Loughborough Report 2008) and sets out the action that is being taken by RICS and its steering group to improve management standards. Assesses how the industry has as responded to the RICS "Service Charges in Commercial Property: Code of Practice" (L133990), which came into force in April 2007. RICS's response includes publication of two information papers "Sinking funds, reserve funds and depreciation charges"(L146895) and "Service charges and tenant alterations"(L146898).
590 ## - LOCAL NOTE (RLIN)
Local note KA
650 24 - SUBJECT ADDED ENTRY--TOPICAL TERM
Topical term or geographic name entry element SERVICE CHARGE STUDY UPDATE 2008
650 24 - SUBJECT ADDED ENTRY--TOPICAL TERM
Topical term or geographic name entry element LOUGHBOROUGH REPORT
650 24 - SUBJECT ADDED ENTRY--TOPICAL TERM
Topical term or geographic name entry element RICS SERVICE CHARGES IN COMMERCIAL PROPERTY CODE OF PRACTICE
650 24 - SUBJECT ADDED ENTRY--TOPICAL TERM
Topical term or geographic name entry element SINKING FUNDS RESERVE FUNDS AND DEPRECIATION CHARGES
650 24 - SUBJECT ADDED ENTRY--TOPICAL TERM
Topical term or geographic name entry element SERVICE CHARGES AND TENANT ALTERATIONS
651 #4 - SUBJECT ADDED ENTRY--GEOGRAPHIC NAME
Geographic name United Kingdom
Chronological subdivision
690 ## - LOCAL SUBJECT ADDED ENTRY--TOPICAL TERM (OCLC, RLIN)
Topical term or geographic name as entry element PROPERTY-COMMERCIAL PROPETY-LEASEHOLD COMMERCIAL PROPERTY-COMMERCIAL LANDLORD AND TENANT-COMMERCIAL SERVICE CHARGES
942 ## - ADDED ENTRY ELEMENTS (KOHA)
Suppress in OPAC 0
Holdings
Withdrawn status Lost status Source of classification or shelving scheme Damaged status Not for loan Home library Current library Shelving location Date acquired Total Checkouts Full call number Barcode Date last seen Copy number Price effective from Koha item type
    Dewey Decimal Classification     London London Journal article 17/06/2009   L147790 147790-1001 06/08/2019 1 06/08/2019 Journal article